000 00352nam a22001457a 4500
003 OSt
005 20160727222400.0
008 160623b xxu||||| |||| 00| 0 eng d
040 _cTEST
100 _9678
_aDOBSON, J
245 _aPreparing for Adolescence
260 _aU.S.A
_bVISION HOUSE
_c1978
300 _aPreparing for Adolescence
942 _2ddc
_cBK
999 _c549
_d549